000 00707nam a2200217Ia 4500
003 GCL
005 20240530095348.0
008 140319s9999 xx 000 0 ara d
020 _a8106302977
040 _aGCL /
_cGCL
082 0 4 _a354.5
_bق/هـ و
100 1 _aهشام بشير
245 1 0 _aوزارة الزراعة /
_cهشام بشير
260 _aالقاهرة :
_bمركز الدراسات السياسية والاستراتيجية - الأهرام ،
_c2003
300 _a147 ص ؛
_c20 سم
490 _aسلسلة الوزارات المصرية
_v0
650 0 4 _aالزراعة
650 0 4 _aالوزارات - مصر
650 0 4 _aوزارة الزراعة
942 _2ddc
_cBK
999 _c6495
_d6495